000 01195cam a22003137a 4500
001 834
005 20231124090725.0
020 _a9780545490139
040 _aBTCTA
_beng
_cBTCTA
_dOCP
_dOCLCQ
_dCO2
_dIHI
_dKAA
_dYDXCP
_dBDX
_dDLC
050 0 0 _aSF172
_bC37 2012
082 0 4 _a636.0886
_223
100 1 _aCarney, Elizabeth,
_d1981-
245 1 0 _aDog finds lost dolphins :
_band more true stories of amazing animal heroes /
_cby Elizabeth Carney.
250 _aFirst Scholastic printing , September 2012
260 _bScholastic
_c2012
300 _a111 pages :
_bcolor illustrations. ;
_c20 cm
490 1 _aNational Geographic kids chapters
500 _aIncludes index.
505 0 _aP
520 _aPresents the stories of three animal workers, a dog that helps stranded dolphins, a monkey that aids a paralyzed man, and a rat that sniffs out land mines--
_cSource other than Library of Congress.
521 _a640
_bLexile
521 _aP
_braz-Plus
650 0 _aWorking animals
_vNon-fiction.
650 0 _aDogs
_vNon-fiction.
650 0 _aMonkeys
_vNon-fiction.
650 0 _aRats
_vNon-fiction.
906 _a7
_bcbc
_ccopycat
_d3
_encip
_f20
_gy-gencatlg
942 _2ddc
_cBK
_n0
999 _c834
_d834